| 000 | 00359nam a22001337a 4500 | ||
|---|---|---|---|
| 020 | _a9280775011 | ||
| 082 |
_a363.7 _bUNI _cD |
||
| 245 | _a1993 Annual Report of the Excutive Director | ||
| 260 |
_aUNEP/IPA, : _bUNEP _c1995 |
||
| 300 |
_a160 p. : _bill, : _c24 cm. |
||
| 526 |
_a0 _b0 _c0 _d363_700000000000000_UNI |
||
| 650 |
_aMCE (D) _938186 |
||
| 942 |
_2ddc _cBK |
||
| 999 |
_c542826 _d542826 |
||